000 00858nam a22002537a 4500
005 20170124110212.0
010 _a999233
020 _c00.00
_a02330965963
035 _a999233
037 _bCen Lib/Ret
040 _aDPL
_bEN
082 _a021.64
_bCOB
100 _aCoblans, Herbert
_9650
245 _aLibrarianship and documentation :
_cby Herbert Coblans; edited by Evelyn J. A. Evans
_ban international perspective /
260 _bAndre Deutsch
_aLondon
_c1974
270 _bLondon
_a105 Great Russell Street
300 _a142p.
_c22cm(Hb)
490 _aGrafton basic text
500 _aIncludes bibliographical references and index
650 _aLibrary cooperation
_938304
650 _aInformation services -- International cooperation
_938305
700 _aEvans, J. A. Evelyn
_938306
942 _2ddc
_cEN
_h021.64
_mCOB
999 _c133568
_d133568